[Event "Douglas IoM op"]
[Site "Douglas"]
[Date "2017.09.24"]
[Round "2"]
[White "Perelshteyn, Eugene"]
[Black "Carlsen, Magnus"]
[Result "0-1"]
[WhiteElo "2524"]
[BlackElo "2827"]
[Annotator "Ftacnik,Lubomir"]
[PlyCount "98"]
[EventDate "2017.09.23"]
[EventType "swiss"]
[EventRounds "9"]
[EventCountry "IOM"]
[SourceTitle "CBM 181"]
[Source "ChessBase"]
[SourceDate "2017.11.10"]
[SourceVersion "1"]
[SourceVersionDate "2017.11.10"]
[SourceQuality "1"]

1. d4 g6 2. e4 d6 3. Nc3 Bg7 4. Be3 a6 5. Nf3 b5 6. Bd3 Nd7 7. e5 {Black has invested lot of time in pawn moves, so White feels entitled to start active play.} Bb7 (7... e6 8. Bg5 Ne7 9. a4 bxa4 10. exd6 cxd6 11. Rxa4 O-O 12. O-O Bb7 13. Be4 d5 14. Bd3 f6 15. Bh4 Nf5 16. Qe2 Qb6 17. Bxf5 exf5 18. Bg3 g5 $15 {0-1 (59) Fishbein,A (2465)-Hansen,C (2565) Kerteminde 1991}) (7... dxe5 8. Be4 Rb8 9. dxe5 {10.a7,10.e6}) (7... Nb6 8. Qe2 (8. O-O Nh6 9. Re1 O-O 10. Qe2 Bb7 11. Rad1 Qc8 12. h3 Nf5 13. Ne4 Nxe3 14. Qxe3 f6 15. exf6 exf6 16. c3 Qd7 17. Qf4 Rae8 18. Ned2 f5 $17 {½-½ (18) Blomqvist,E (2508)-Hillarp Persson,T (2541) Gothenburg 2015}) 8... Nh6 9. O-O-O Nf5 10. Bg5 h6 11. Bd2 dxe5 12. dxe5 c5 13. Be4 Ra7 14. Bf4 Qc7 15. g4 Nd4 16. Nxd4 cxd4 17. Rxd4 Nc4 18. Bd5 Bxe5 19. Bxe5 Nxe5 20. Re4 $16 {0-1 (69) Tkachiev,V (2615)-Spraggett,K (2575) Ponferrada 1997}) 8. e6 $5 {The pawn sacrifice is controversial, Black will have to play good moves to minimise White's compensation.} (8. exd6 cxd6 9. O-O Ngf6 $15) 8... fxe6 9. Ng5 (9. a4 b4 10. Ne4 Ngf6 11. Nfd2 Nxe4 12. Nxe4 Bxe4 13. Bxe4 d5 14. Bf3 c5 15. c3 bxc3 16. bxc3 cxd4 17. cxd4 Qa5+ 18. Kf1 O-O 19. h4 Nf6 20. h5 Rac8 21. hxg6 hxg6 22. g3 Kf7 $11 {½-½ (48) Rizouk,A (2489)-Moskalenko,V (2506) Barcelona 2017}) 9... Nf8 10. O-O (10. Qe2 Bxg2 $17) 10... Qd7 {Carlsen has probably prepared the line, but it is questionable to claim that his move is the best solution.} (10... e5 11. dxe5 Bxe5 12. Be4 $11) (10... Nf6 11. f3 (11. f4 Qd7 12. Qe2 b4 13. Nd1 h6 14. Nf3 Nd5 15. Bd2 c5 16. dxc5 Qc6 17. cxd6 exd6 18. c4 bxc3 19. Nxc3 Nxc3 20. bxc3 Qc5+ 21. Kh1 $16 {1-0 (27) Sedlak,N (2564)-Gallagher,J (2530) Turin 2006}) (11. a4 $142 $14 {Svidler}) 11... h6 (11... Nd5 12. Nxd5 exd5 13. Qe2 Qd7 14. f4 Ne6 15. Nxe6 Qxe6 16. f5 Qd7 17. fxg6 hxg6 18. Bxg6+ Kd8 19. c3 Bf6 20. a4 c6 21. axb5 cxb5 22. Bd2 $16 {0-1 (35) Najer,E (2658)-Malakhov,V (2694) Moscow 2015}) 12. Nge4 Nd5 13. Nxd5 exd5 14. Ng3 e5 15. c3 Qf6 16. f4 e4 17. Be2 Bc8 18. a4 b4 19. f5 gxf5 20. Bg4 h5 21. Bxf5 Bxf5 22. Rxf5 $16 {1-0 (38) Najer,E (2679)-Mchedlishvili,M (2601) Doha 2016}) (10... Nh6 $1 {[%cal Gh6f5] For some reason this natural move aas never been tried before, even though the black knight is perfectly placed on f5 putting pressure on d4 and protecting Black's kingside.} 11. a4 (11. Re1 Nf5 12. Be4 Bxe4 13. Ncxe4 h6 14. Nf3 Nd7 $15) 11... b4 12. Ne2 $6 (12. Na2 a5 13. c3 $13 {winning back the pawn or regaining the c3-square for the knight.}) (12. Nce4 Nf5 13. c3 Qd7 14. g4 h6 15. Nxe6 Qxe6 16. gxf5 Qf7 17. fxg6 Nxg6 18. Qh5 Rg8 19. Ng3 Bf6 20. f4 Kd8 $15 {0-1 (23) Almiron,A (2307)-Bachmann,A (2610) Asuncion 2015}) 12... Nf5 13. Nf4 Qd7 14. Qd2 $6 (14. Be4 Bxe4 15. Nxe4 e5 16. dxe5 Bxe5 17. Nd3 Bg7 $13) 14... Bf6 $1 (14... Bxd4 $6 15. Bxf5 (15. Bxd4 Nxd4 16. Qxb4 c5 $17) 15... Bxe3 16. Bxg6+ hxg6 (16... Nxg6 17. fxe3 Nxf4 18. exf4 O-O-O $17) 17. fxe3 e5 18. Nd5 Nh7 $15) 15. Ne4 Bxd4 16. Bxd4 Nxd4 17. Qxb4 c5 $17 18. Qe1 e5 19. c3 Nfe6 $1 (19... Nde6 20. Nh3 d5 $2 21. Nd2 e4 22. Bc2 $44 {[%cal Gc3c4,Gf2f3]}) 20. Nh3 (20. Nxe6 Nxe6 21. Bc4 Nf4 $19 {[%cal Gd6d5,Gd7g4]}) 20... Nf5 21. Nd2 O-O $17 {½-½ (81) Agrest,E (2592)-Azmaiparashvili,Z (2672) Gothenburg 2005}) (10... h6 $2 11. Bxg6+ Nxg6 12. Nxe6 Qd7 13. Nxg7+ Kf7 14. Nh5 Nf6 (14... b4 $5 15. Nb1 Qb5 16. Nd2 Nf6 17. Nxf6 exf6 $16 {[%csl Gh5]}) 15. Nxf6 exf6 16. Qh5 (16. f3 $5) 16... Rag8 17. d5 Re8 (17... b4 18. Ne2 Ke7 19. Ng3 Kd8 20. c4 $1 $16) 18. Bd4 Bc8 19. f3 (19. Nd1 Re4 20. c3 Rh4 21. Qf3 Ne5 22. Bxe5 dxe5 23. Ne3 $16) 19... Qf5 20. Qxf5 Bxf5 $14 {1-0 (32) Svidler,P (2738)-McNab,C (2451) Gothenburg 2005}) 11. Re1 Nf6 {The knight might be better positioned on h6 as from f5 it will be more active.} (11... Nh6 12. Nce4 (12. a4 b4 13. Nce4 Nf5 14. Qf3 Rb8 (14... Bd5 15. c4 Bc6 16. d5 exd5 17. cxd5 Bb7 18. Ne6 Nxe6 19. dxe6 Qxe6 20. Ng5 Bxf3 21. Nxe6 Nxe3 22. Rxe3 $16) 15. c3 h6 16. Nh3 $44 {Waitzkin,J-Burnett,R/Agency 1998}) (12. Be4 Bxe4 13. Ncxe4 Nf5 14. a4 $14) 12... Nf5 13. c3 h6 14. Nf3 g5 15. a4 bxa4 16. Rxa4 Ng6 17. Qb3 O-O $36 {Duer,W-Horvath,J/AUT-chT9798}) 12. a4 {Attacking Black at the moment of stress is a very attractive idea as the defender's pieces are not well coordinated.} (12. Bd2 h6 {[%csl Rg6]} 13. Nf3 (13. Nge4 Nxe4 14. Bxe4 d5 15. Bf3 Bxd4 $17) 13... Rb8 (13... g5 14. a4 (14. Qe2 Kf7 15. a4 c6 16. Ne4 Nxe4 17. Bxe4 Bf6 18. Ra3 Rg8 19. Ne5+ dxe5 20. dxe5 Bxe5 21. Qh5+ Ng6 22. Rd3 $16 {0-1 (32) Kovalev,A (2533)-Shoker,S (2448) Vienna 2009}) (14. h3 Rg8 15. a4 b4 16. Ne4 Nxe4 17. Bxe4 Bxe4 18. Rxe4 Qc6 19. Qe2 a5 20. c3 bxc3 21. bxc3 Bf6 22. c4 $14 {1-0 (34) Magem Badals,J (2545)-Movsziszian,K (2483) Catalunya 2012}) 14... b4 15. Ne4 g4 (15... Nxe4 16. Bxe4 Bxe4 17. Rxe4 a5 (17... Qc6 18. Qe2 Rb8 19. c3 bxc3 20. bxc3 Bf6 21. c4 Rb2 22. Re1 Qxa4 23. d5 e5 $16 {0-1 (32) Levin,F (2535)-Rausis,I (2500) Hamburg 2001}) 18. c3 Qc6 19. Qc2 bxc3 20. bxc3 Bf6 21. Rb1 Rg8 22. Rb5 $16 {1-0 (29) Yudasin,L (2540)-Kantsler,B (2535) Israel 1998}) 16. Nh4) (13... Rc8 $5 14. a4 b4 15. Ne4 Nxe4 16. Bxe4 Bxe4 17. Rxe4 a5 18. c3 c5 19. Qe1 $6 (19. dxc5 dxc5 20. Qe2) 19... cxd4 20. cxb4 $6 (20. cxd4) 20... e5 $1 21. b5 $6 (21. bxa5 Ne6 22. b4 O-O) 21... Ne6 $17 {0-1 (36) Magomedov,M (2604)-Urban,K (2463) Koszalin 1999}) 14. a4 (14. Qe2 Kf7 15. a4 b4 16. Nd1 a5 17. Ne3 Bd5 18. c3 g5 19. h3 Bxf3 20. Qxf3 h5 21. Qe2 Bh6 22. Nc4 bxc3 23. bxc3 $16 {1-0 (35) Fressinet,L (2677)-Buchal,S (2338) Helsingor 2016}) 14... b4 15. Ne4 Nxe4 16. Bxe4 Bxe4 17. Rxe4 Qc6 $5 18. Re3 Qc4 (18... Qd5 {Yudasin,L} 19. c3 b3 20. Qe2) (18... g5 19. c3 bxc3 20. Bxc3 Qd5 21. Qd3 a5 22. Nd2 {c4-a5,c4,f3,e3}) 19. c3 (19. b3 $6 Qd5) (19. Rb3 Nd7 20. c3 O-O 21. cxb4 c6 $13) 19... b3 20. Re1 $11 {[%csl Rb3][%cal Yd2e3,Yf3d2,Ya1a3] 1-0 (42) Anand,V (2770)-Svidler,P (2690) Linares 1998}) (12. Qe2 h6 13. Nge4 $11) (12. f3 h6 13. Nh3 b4 14. Ne2 g5 15. Ng3 Rg8 16. a3 Nd5 17. Bf2 a5 18. c4 bxc3 19. bxc3 Ba6 20. c4 Nf6 21. Rb1 Bh8 22. Rb2 $16 {1-0 (40) Spraggett,K (2526)-Vassallo Barroche,M (2440) Maia 2003}) 12... b4 13. Na2 (13. Nce4 h6 14. Nxf6+ exf6 $13) 13... Qxa4 $146 (13... h6 14. Nf3 a5 15. Bd2 g5 16. c3 $14) ({RR} 13... a5 14. c3 h6 15. Nf3 Nd5 16. cxb4 axb4 17. b3 Ba6 18. Be4 Rb8 19. Qc2 g5 20. Rac1 Kd8 21. Nd2 Nf6 22. Bd3 Bxd3 23. Qxd3 Nd5 24. Nc4 Nh7 25. Na5 Rb6 26. Rc2 Nhf6 27. Rec1 Ng4 28. Nc6+ {Riff,J (2504)-Nebolsina,V (2240) Chess.com INT 2020 1-0 (51)}) ({RR} 13... a5 14. c3 h6 15. Nf3 Nd5 16. cxb4 axb4 17. b3 Ba6 18. Be4 Rb8 19. Qc2 g5 20. Rac1 Kd8 21. Nd2 Nf6 22. Bd3 Bxd3 23. Qxd3 Nd5 24. Nc4 Nh7 25. Na5 Rb6 26. Rc2 Nhf6 27. Rec1 Ng4 28. Nc6+ {Riff,J (2504)-Nebolsina,V (2240) Chess.com INT 2020 1-0 (51)}) 14. Qe2 h6 $2 {Carlsen is concerned about the active knight on g5, but instead of this passive move the champion had to find the active idea 14....c5!} (14... c5 $1 15. dxc5 Qc6 16. Nf3 (16. f3 dxc5 17. Bf4 Qb6 18. Bc4 Bd5 19. Bxd5 Nxd5 $15) 16... dxc5 17. c3 N8d7 18. cxb4 Ne5 19. b5 Nxf3+ 20. gxf3 Qxf3 21. Qxf3 Bxf3 22. bxa6 Nd5 $15) 15. Nf3 Kf7 (15... Nd5 16. Bd2 $16) 16. Bd2 b3 17. Nc3 ({Perelshteyn could have postponed the win of the b-pawn and preserved a sounder pawn structure with} 17. Nb4 Qd7 18. c3 Nd5 19. Nxd5 exd5 20. Qd1 c5 21. dxc5 dxc5 22. c4 $16) 17... Qd7 18. cxb3 Rb8 (18... g5 19. h3 Nd5 20. Be4 $14) 19. Ra3 Nd5 {Black has to be inventive to turn the tables in the difficult position. It would have been nice to get counterplay.} (19... Kg8 20. h3 Rh7 21. Bxa6 Bxa6 22. Qxa6 g5 23. Qc4 $16) 20. Ne4 (20. Nxd5 exd5 21. h3 $14) 20... Kg8 21. h4 Qe8 22. Bxa6 Bxa6 23. Qxa6 Bf6 $2 {For better or worse Black should have tried the proactive 23...g5!} (23... g5 $1 24. hxg5 hxg5 25. Bxg5 Bh6 $14) 24. Qc4 Nd7 25. Nc3 (25. b4 N7b6 26. Qe2 Rh7 27. Rc1 $16) 25... N7b6 26. Qe2 Qf7 27. Ne4 (27. Qxe6 Qxe6 28. Rxe6 Kf7 $11) 27... Rf8 (27... Nd7 28. b4 Rh7 29. Rea1 $16) 28. Nxf6+ $2 {The nerves have worked against the US player, it was much better to keep the tension and not take the pawn on e6 yet.} (28. b4 $5 Rh7 29. Ra7 $16) 28... exf6 29. Qxe6 Qxe6 30. Rxe6 Kf7 31. Re1 Rb8 32. Rc1 Nc8 33. Ne1 {White has lost all the advantage despite the extra pawn on the b-file.} (33. b4 Nce7 34. Ne1 Nxb4 35. Rxc7 Nbd5 36. Rc2 g5 $11) 33... Nce7 34. Nd3 g5 35. hxg5 (35. b4 $5 gxh4 36. f3 Rhg8 37. Kh2 $11) 35... hxg5 36. b4 Rh4 37. Bc3 $6 {Step by step White's ship has started to sink. It was time to think about damage limitation as now Carlsen manages to ccordinate all his pieces perfectly.} (37. f3 Nf5 38. Be1 Nxd4 39. Bxh4 Ne2+ 40. Kf2 Nxc1 41. Nxc1 gxh4 $15) 37... Rbh8 38. g3 (38. f3 Nf4 39. Nxf4 Rh1+ 40. Kf2 Rxc1 $19) 38... Rh1+ 39. Kg2 R8h2+ 40. Kf3 g4+ $1 41. Kxg4 (41. Ke2 Nf5 42. Re1 Nxg3+ 43. Kd1 Ne4 $19) 41... Rxc1 42. Nxc1 Rxf2 43. Be1 {White's king feels very lonely on g4, the position is extremely dangerous for him.} (43. Kh3 Nf5 44. Be1 Rxb2 $17) 43... f5+ 44. Kh3 (44. Kh4 Rh2+ 45. Kg5 Nf6 46. Kf4 Ned5+ 47. Kf3 Ne4 $19) 44... Rxb2 (44... Rc2 45. Nd3 Nf6 46. Bf2 Ne4 47. Kg2 Nxf2 48. Nxf2 Rxb2 $17) 45. Nd3 Rc2 46. b5 Nf6 47. Rb3 Re2 (47... Ned5 48. Rb2 Rc4 49. Bf2 Ra4 $17) 48. b6 $2 {Every chessplayer knows the situation of playing under pressure. No wonder White could not bear it and cracks against the world champion.} (48. Ba5 Ned5 49. Nf4 Nxf4+ 50. gxf4 Nd5 51. Kg3 Ra2 52. b6 cxb6 53. Bxb6 Ke7 $17) 48... cxb6 49. Rxb6 Ne4 (49... Ne4 50. Rb2 (50. Rb7 Ng5+ 51. Kh4 Nf3+ 52. Kh3 Rh2#) 50... Ng5+ 51. Kh4 Nf3+ 52. Kh3 Rxb2 53. Nxb2 Nxe1 $19) 0-1

[Event "Douglas IoM op"]
[Site "Douglas"]
[Date "2017.10.01"]
[Round "9"]
[White "Carlsen, Magnus"]
[Black "Nakamura, Hikaru"]
[Result "1/2-1/2"]
[WhiteElo "2827"]
[BlackElo "2781"]
[PlyCount "36"]
[EventDate "2017.09.23"]
[EventType "swiss"]
[EventRounds "9"]
[EventCountry "IOM"]
[SourceTitle "CBM 181"]
[Source "ChessBase"]
[SourceDate "2017.11.10"]
[SourceVersion "1"]
[SourceVersionDate "2017.11.10"]
[SourceQuality "1"]

1. d4 Nf6 ({RR} 1... d5 2. c4 e6 3. Nf3 {½-½ (18) Buckels,V (2353)-Hausrath,D (2495) Dieren 2018}) 2. Nf3 e6 3. c4 d5 4. Nc3 Be7 5. Bf4 O-O 6. e3 c5 7. dxc5 Bxc5 8. a3 Nc6 9. Qc2 Qa5 10. Rd1 Re8 11. Nd2 e5 12. Bg5 Nd4 13. Qc1 Bf5 14. Bxf6 Nc2+ 15. Ke2 Nd4+ 16. Ke1 Nc2+ 17. Ke2 Nd4+ 18. Ke1 Nc2+ $146 1/2-1/2

[Event "London Classic 9th"]
[Site "London"]
[Date "2017.12.01"]
[Round "1"]
[White "Carlsen, Magnus"]
[Black "Caruana, Fabiano"]
[Result "1/2-1/2"]
[WhiteElo "2837"]
[BlackElo "2799"]
[Annotator "Yermolinsky,Alex "]
[PlyCount "108"]
[EventDate "2017.12.01"]
[EventType "tourn"]
[EventRounds "9"]
[EventCountry "ENG"]
[EventCategory "22"]
[SourceTitle "CBM 182"]
[Source "ChessBase"]
[SourceDate "2018.01.17"]
[SourceVersion "1"]
[SourceVersionDate "2018.01.17"]
[SourceQuality "1"]

1. d4 d5 2. c4 dxc4 {Caruana successfully relied on the Queen's Gambit Accepted in his match with Grischuk, Champions Showdown, St. Louis 2017.} 3. e3 {The quietest line. White makes sure to get his pawn back.} ({Alexander focussed on} 3. e4) 3... Nf6 4. Bxc4 e6 5. Nf3 c5 6. O-O a6 7. Be2 $5 {Typical Magnus. This move is way down the list of White's options.} Nbd7 {Caruana is careful to sidestep Carlsen's preparation.} (7... cxd4 8. exd4 Nc6 9. Nc3 Be7 10. Be3 {was seen in Aronian-Caruana, Sinquefield Cup 2017. While the position of e2 doesn't lend a hand to White's usual attacking ambition on the kingside, he can choose a different plan. Fabiano reacted quickly} Ng4 $5 ({not allowing White to expand after} 10... O-O 11. Ne5) 11. Bf4 Nf6 {defended a slightly worse position very successfully, and later took advantage of Levon's blunder. The whole affair took 110 moves!}) 8. Nc3 b6 $5 (8... b5 {seems obvious, but there lies the point of Carlsen's idea.} 9. e4 b4 10. e5 bxc3 11. exf6 Nxf6 ({But} 11... cxb2 $6 {is much worse:} 12. fxg7 bxa1=Q $2 13. gxh8=Q {The same as in the similar position of the Meran Variation: the four queens on the board make the weak black king the decisive factor in the battle.}) 12. bxc3 {With his bishop on e2, instead of d3, White is much better suited for subsequent play with e5 and f3.}) ({RR} 8... b5 9. d5 exd5 10. Nxd5 Bb7 11. Nxf6+ Qxf6 12. a4 b4 13. Ra2 Ne5 14. Nxe5 Qxe5 15. b3 Bd6 16. f4 Qe7 17. Bc4 O-O 18. Qg4 Kh8 19. Re2 f5 20. Qg3 Rad8 21. Bb2 Bc7 22. h4 Bd5 23. Bxd5 {Carlsen,M (2861)-Aronian,L (2759) chess24.com INT 2022 0-1 (52)}) ({RR} 8... b5 9. d5 exd5 10. Nxd5 Bb7 11. Nxf6+ Qxf6 12. a4 b4 13. e4 h6 14. Qc2 Bd6 15. Be3 O-O 16. Rad1 Rad8 17. Nd2 Bf4 18. Bxf4 Qxf4 19. g3 Qf6 20. a5 Qe7 21. Rc1 f5 22. Bc4+ Kh8 23. Bd5 {So,W (2757)-Abdusattorov,N (2766) Bucharest ROU 2024 ½-½ (86)}) 9. e4 $146 ({RR} 9. Ne5 Bb7 10. Bf3 Bxf3 11. Qxf3 cxd4 12. exd4 Nxe5 13. dxe5 Nd7 14. Bf4 Be7 15. Rfd1 O-O 16. Ne4 Kh8 17. Rd3 Qc7 18. Rc1 Qb7 19. Qe2 Nc5 20. Nxc5 Bxc5 21. Rh3 Rad8 22. Qc2 g6 23. a3 Rd4 {Abrahamyan,T (2311)-Lee,A (2334) Saint Louis 2022 0-1 (64)}) ({RR} 9. Ne5 Bb7 10. Bf3 Qc7 11. Nxd7 Nxd7 12. d5 Rd8 13. e4 Bd6 14. Bg5 Nf6 15. Bxf6 gxf6 16. g3 O-O 17. Bg2 Be5 18. Qh5 b5 19. Bh3 Kh8 20. dxe6 fxe6 21. Bxe6 Bxc3 22. bxc3 Bxe4 23. Rfe1 f5 {Dardha,D (2580)-Teclaf,P (2585) Veli Losinj CRO 2023 ½-½}) 9... cxd4 10. Nxd4 Bb7 11. Be3 $5 {Still in Magnus's preparation. Now he offers a pawn sac.} ({The immediate} 11. f3 {would have pointed Black in the right direction:} Qb8 $1 12. Be3 Bd6 13. g3 h5 $5) 11... Bc5 {With this move Caruana accepts a slightly worse position.} ({One wonders about} 11... Nxe4 12. Nxe4 Bxe4 13. Bf3 Bxf3 14. Qxf3 Bc5 {Clearly, White has some play, but is it enough to claim an advantage? Practical testing is awaited.}) 12. f3 $14 {There are many classical examples, some from Kramnik's games, of White benefiting from his g2-f3-e4 pawn chain. Black's f6 and b7 are restricted.} O-O 13. Qe1 ({The more direct} 13. Qd2 Rc8 14. Na4 Be7 15. b4 b5 16. Nb2 {would leave Black searching for a suitable square for his queen, while a2-a4 won't be long in coming.}) 13... Rc8 14. Qf2 b5 15. Rac1 Qe7 {Now possible, as the c5 can retreat along the other diagonal.} 16. a4 ({I figure Kramnik would have preferred} 16. Nb3 Bxe3 17. Qxe3 {eyeing that a5-square.}) 16... bxa4 17. Nxa4 Bd6 $6 {A surprising choice.} (17... Ba7 {was safe, as} 18. Nf5 $2 exf5 19. Bxa7 fxe4 {loses a pawn for White.}) 18. Nb3 Bc6 19. Nc3 Rb8 20. Na5 Ba8 21. Nc4 Bc5 22. Rfd1 Rfc8 23. Na4 $6 {True to his style of play, Magnus seeks some clarification, but taking his knight to the edge of the board cost him a big chunk of his advantage.} ({The logical choice would have been} 23. Ra1 {to hit the weak pawn. White can also have plans for central expansion, such as in} Bxe3 24. Qxe3 Nc5 25. Nd6 Rc6 26. e5 Nfd7 27. f4) 23... Bxe3 24. Qxe3 Qb4 $1 {A timely activity to interfere with White's plans.} 25. Qa3 {This was expected from Magnus Carlsen.} (25. Nc3) 25... h6 26. Kf1 ({White could have accomplished more simplification with the help of a little tactic} 26. Ncb6 $5 Qxa3 27. Rxc8+ Rxc8 28. bxa3 Nxb6 29. Nxb6 Rb8 30. Nxa8 Rxa8 31. Rc1 $14) 26... g5 27. Rc3 a5 28. Qxb4 axb4 {A welcome pawn structure change if you're a Caruana fan. Still, White is a little better, and Magnus is Magnus.} 29. Rcc1 Kf8 30. Na5 Ke7 31. Kf2 Rxc1 32. Rxc1 Ne8 33. Ke3 Nd6 34. Nc5 Rc8 35. Nab3 f5 $6 (35... Ne5 {would have prevented White from trading rooks, which he needs to accomplish if he's serious about hitting that b4-pawn.}) 36. Nxd7 Rxc1 37. Nxc1 Kxd7 38. Nd3 $6 ({It is surprising to see Carlsen neglecting a chance to win a clean pawn after} 38. Bd3 fxe4 39. fxe4 {and there's no stopping the threat of a2. Truth to tell, White would still be a long ways from winning the game.} e5 40. Na2 Kc7 41. Nxb4 Kb6) 38... fxe4 39. fxe4 Ke7 40. e5 ({Another option was} 40. Bf3 g4 41. Bxg4 Bxe4 42. Bf3 Bxd3 43. Kxd3 e5 $14) 40... Nf5+ 41. Kf2 Nd4 42. Bd1 b3 43. Nb4 Bd5 44. g3 (44. Nxd5+ exd5 45. Ke3 Nf5+ 46. Kd3 Ke6 47. Bxb3 Kxe5 {An outside passer is always useful in  vs  endgames, but here Black is well centralised and therefore should hold.}) 44... Bc4 45. Ke3 Nf5+ 46. Ke4 $6 (46. Kd2 {seemed more promising:} Kd7 47. Bf3 Kc7 48. Kc3) 46... Kd7 47. g4 {This pawn will be a target for Black's counterplay.} Ne7 48. Kd4 Bf1 49. Bxb3 Be2 50. h3 Bf1 51. Nd3 Nc6+ 52. Kc5 $5 {A fancy way to reach a draw that seened inevitable anyhow.} Bxd3 53. Ba4 Be4 54. Kb6 Bd5 {Of course Black cannot unpin, but he can wait for the white pawn to come to b5, and then his knight can move away.} 1/2-1/2